Dalla 'patafisica all'apatafisica

Uloženo v:
Podrobná bibliografie
Hlavní autor: Lorandi Tania
Médium: Kniha
Jazyk:neznámý jazyk
Vydáno: Brescia ReArTe 2006
Tagy: Přidat tag
Žádné tagy, Buďte první, kdo vytvoří štítek k tomuto záznamu!

MARC

LEADER 00000nam a2200000Ia 4500
001 783
003 NUMERAZIONE-ORIGINALE-BRESCIA
005 20260206230754.0
008 260206s9999 xx 000 0 und d
100 |a Lorandi Tania 
245 0 |a Dalla 'patafisica all'apatafisica 
260 |a Brescia 
260 |b ReArTe 
260 |c 2006 
500 |a Manuale utile al buon funzionamento del corpo patafisico 
942 |2 ddc  |c BK  |n 0 
952 |0 0  |1 0  |2 ddc  |4 0  |6 32  |7 0  |9 28668  |a BS  |b BS  |d 2026-02-06  |i 783  |l 0  |o 3-2-*  |r 2026-02-06 22:40:40  |w 2026-02-06  |x [REVISIONARE]  |y BK 
999 |c 24326  |d 24326